[Event "Koblenz-ch"]
[Site "Koblenz"]
[Date "2004.11.09"]
[Round "6"]
[White "Winterberg, Lukas"]
[Black "Olenberger, Waldemar"]
[Result "1-0"]
[WhiteElo "1605"]
[BlackElo "1507"]
[PlyCount "107"]
[EventDate "2004.09.21"]
[EventType "swiss"]
[EventRounds "7"]
[EventCountry "GER"]
[SourceTitle "EXT 2005"]
[Source "ChessBase"]
[SourceDate "2004.11.15"]
[SourceVersion "1"]
[SourceVersionDate "2004.11.15"]
[SourceQuality "1"]

1. d4 d5 2. Nf3 e6 3. c4 Nf6 4. Nc3 Nbd7 5. Bf4 a6 6. e3 Bb4 7. Qb3 Ba5 8. a3 Ne4 9. Qc2 Nxc3 10. bxc3 Nf6 11. Bg5 0-0 12. Bd3 h6 13. Bxf6 Qxf6 14. Rc1 c6 15. 0-0 Bc7 16. e4 dxe4 17. Bxe4 Bf4 18. Rcd1 Bd7 19. Ne5 Bxe5 20. dxe5 Qe7 21. Rd6 Rfd8 22. Rfd1 Be8 23. Qd3 Rxd6 24. exd6 Qd7 25. c5 Rb8 26. Rb1 f5 27. Bf3 Qf7 28. Qc4 e5 29. Qxf7+ Kxf7 30. Be2 Bd7 31. Bxa6 Bc8 32. Bc4+ Be6 33. Bxe6+ Kxe6 34. c4 e4 35. f4 Kd7 36. a4 Kc8 37. a5 Ra8 38. Ra1 Kd7 39. Kf2 Re8 40. Ke3 g5 41. a6 gxf4+ 42. Kxf4 bxa6 43. Rxa6 e3 44. Ra7+ Kd8 45. Ra8+ Kd7 46. Rxe8 Kxe8 47. Kxe3 Kd7 48. Kf4 Ke6 49. d7 Kxd7 50. Kxf5 Ke7 51. Ke5 Kd7 52. Kf6 h5 53. h4 Kc7 54. Ke7 1-0

[Event "Koblenz-ch"]
[Site "Koblenz"]
[Date "2004.11.02"]
[Round "5"]
[White "Olenberger, Waldemar"]
[Black "Waclawski, Klaus"]
[Result "0-1"]
[WhiteElo "1507"]
[BlackElo "1566"]
[PlyCount "138"]
[EventDate "2004.09.21"]
[EventType "swiss"]
[EventRounds "7"]
[EventCountry "GER"]
[SourceTitle "EXT 2005"]
[Source "ChessBase"]
[SourceDate "2004.11.15"]
[SourceVersion "1"]
[SourceVersionDate "2004.11.15"]
[SourceQuality "1"]

1. d4 Nf6 2. Nf3 d5 3. c4 e6 4. Nc3 Be7 5. e3 0-0 6. Bd3 dxc4 7. Bxc4 b6 8. 0-0 Bb7 9. Bd3 Na6 10. a3 c5 11. Bxa6 Bxa6 12. Re1 Rc8 13. h3 Bb7 14. Ne5 Bd6 15. Nf3 Bb8 16. b4 cxd4 17. Nb5 dxe3 18. Bxe3 Qxd1 19. Rexd1 Bxf3 20. gxf3 Nd5 21. Rac1 Nxe3 22. fxe3 a6 23. Nd4 Rfd8 24. Kf2 Kf8 25. f4 e5 26. fxe5 Bxe5 27. Rxc8 Rxc8 28. Rd3 g6 29. Kf3 Ke7 30. Ne2 f5 31. e4 fxe4+ 32. Kxe4 Ke6 33. Nf4+ Bxf4 34. Kxf4 h6 35. Re3+ Kf6 36. h4 Rc4+ 37. Kg3 Rc6 38. Kg4 h5+ 39. Kg3 Kf5 40. Rf3+ Ke4 41. Rf4+ Ke5 42. Rf3 Rc4 43. Re3+ Kd5 44. Rf3 Rg4+ 45. Kh3 Re4 46. Rf6 Re6 47. Rf3 Kc4 48. Rg3 a5 49. bxa5 bxa5 50. Rf3 a4 51. Rf4+ Kb3 52. Rf3+ Kb2 53. Rg3 Rb6 54. Kg2 Rb3 55. Rxg6 Kxa3 56. Rg5 Kb2 57. Rxh5 a3 58. Rf5 a2 59. Rf2+ Ka3 60. Rf1 Rb1 61. Rf3+ Kb4 62. Rf4+ Kc5 63. Ra4 a1Q 64. Rxa1 Rxa1 65. Kg3 Kd5 66. Kf4 Ke6 67. Kg5 Rg1+ 68. Kh5 Kf6 69. Kh6 Rg8 0-1

[Event "Koblenz-ch"]
[Site "Koblenz"]
[Date "2004.10.19"]
[Round "4"]
[White "Olenberger, Waldemar"]
[Black "Neuhaus, Detlef"]
[Result "1/2-1/2"]
[WhiteElo "1507"]
[BlackElo "1602"]
[PlyCount "112"]
[EventDate "2004.09.21"]
[EventType "swiss"]
[EventRounds "7"]
[EventCountry "GER"]
[SourceTitle "EXT 2005"]
[Source "ChessBase"]
[SourceDate "2004.11.15"]
[SourceVersion "1"]
[SourceVersionDate "2004.11.15"]
[SourceQuality "1"]

1. d4 d5 2. c4 e6 3. Nc3 Nf6 4. Nf3 Nbd7 5. e3 Be7 6. Bd3 dxc4 7. Bxc4 Nb6 8. Bb3 0-0 9. 0-0 c5 10. dxc5 Bxc5 11. Qxd8 Rxd8 12. a3 Bd7 13. Bc2 Nbd5 14. Nxd5 Nxd5 15. Ng5 h6 16. Nf3 Rac8 17. Be4 Ba4 18. b4 Bb6 19. Bb2 Bc2 20. Bxd5 Rxd5 21. Rac1 Rd7 22. Be5 f6 23. Bd4 Bxd4 24. Nxd4 Rdc7 25. Nxe6 Rc3 26. Nd4 Bd3 27. Rxc3 Rxc3 28. Ra1 b5 29. h3 Kf7 30. h4 f5 31. g3 Kf6 32. Nf3 Rb3 33. Nd4 Rc3 34. a4 a6 35. axb5 axb5 36. Ra5 Rc1+ 37. Kg2 Rb1 38. Nxb5 Rxb4 39. Nd4 Rb6 40. Ra7 g5 41. hxg5+ hxg5 42. Rh7 Kg6 43. Rd7 Be4+ 44. f3 Rb2+ 45. Kg1 Bb1 46. Rd6+ Kf7 47. Rd5 Kf6 48. Rb5 Rxb5 49. Nxb5 Ke5 50. Kf2 Bd3 51. Nc3 Ba6 52. f4+ gxf4 53. gxf4+ Kf6 54. Kg3 Bc4 55. e4 fxe4 56. Nxe4+ Kg6 1/2-1/2

[Event "Koblenz-ch"]
[Site "Koblenz"]
[Date "2004.10.05"]
[Round "3"]
[White "Roth, Joerg"]
[Black "Olenberger, Waldemar"]
[Result "1-0"]
[WhiteElo "1701"]
[BlackElo "1507"]
[PlyCount "63"]
[EventDate "2004.09.21"]
[EventType "swiss"]
[EventRounds "7"]
[EventCountry "GER"]
[SourceTitle "EXT 2005"]
[Source "ChessBase"]
[SourceDate "2004.11.15"]
[SourceVersion "1"]
[SourceVersionDate "2004.11.15"]
[SourceQuality "1"]

1. Nf3 e6 2. g3 d5 3. Bg2 b6 4. 0-0 Bb7 5. d3 Be7 6. Nbd2 Nf6 7. c3 Nbd7 8. Qc2 0-0 9. e4 dxe4 10. dxe4 h6 11. Re1 e5 12. Nc4 Bd6 13. Nxd6 cxd6 14. Nh4 Re8 15. c4 Qc7 16. b3 b5 17. Bf1 bxc4 18. Bxc4 Rac8 19. Qb1 Nc5 20. f3 a5 21. Rd1 Ba6 22. Bxa6 Nxa6 23. Ba3 Qb6+ 24. Kg2 Rc6 25. Nf5 Nb4 26. Bxb4 axb4 27. Qd3 Re6 28. Rac1 Ne8 29. Rxc6 Qxc6 30. Ne3 Nc7 31. Nd5 Nxd5 32. exd5 1-0

[Event "Koblenz-ch"]
[Site "Koblenz"]
[Date "2004.09.21"]
[Round "1"]
[White "Kostbar, Karsten"]
[Black "Olenberger, Waldemar"]
[Result "1-0"]
[WhiteElo "1886"]
[BlackElo "1507"]
[PlyCount "45"]
[EventDate "2004.09.21"]
[EventType "swiss"]
[EventRounds "7"]
[EventCountry "GER"]
[SourceTitle "EXT 2005"]
[Source "ChessBase"]
[SourceDate "2004.11.15"]
[SourceVersion "1"]
[SourceVersionDate "2004.11.15"]
[SourceQuality "1"]

1. e4 e5 2. Nf3 Nc6 3. Bb5 Nf6 4. 0-0 d6 5. Re1 a6 6. Bxc6+ bxc6 7. d4 Bg4 8. c3 Be7 9. Nbd2 0-0 10. Qa4 exd4 11. cxd4 Bd7 12. Qc2 h6 13. Nf1 Re8 14. e5 Nh7 15. Bf4 Bg5 16. Nxg5 Nxg5 17. exd6 cxd6 18. Bxd6 Qa5 19. Qc3 Qd5 20. Bg3 Rxe1 21. Rxe1 Qxa2 22. Re7 Qa4 23. Rxd7 1-0

[Event "Koblenz-ch"]
[Site "Koblenz"]
[Date "2003.11.25"]
[Round "7"]
[White "Olenberger, Waldemar"]
[Black "Zorn, Niko"]
[Result "1-0"]
[WhiteElo "1500"]
[BlackElo "1624"]
[PlyCount "81"]
[EventDate "2003.09.23"]
[EventType "swiss"]
[EventRounds "7"]
[EventCountry "GER"]
[SourceTitle "EXT 2005"]
[Source "ChessBase"]
[SourceDate "2004.11.15"]
[SourceVersion "1"]
[SourceVersionDate "2004.11.15"]
[SourceQuality "1"]

1. d4 d5 2. Nf3 c5 3. e3 Nc6 4. Bb5 a6 5. Bxc6+ bxc6 6. dxc5 Bg4 7. h3 Bh5 8. Bd2 Nf6 9. 0-0 e5 10. g4 Nxg4 11. hxg4 Bxg4 12. Bb4 e4 13. Nbd2 exf3 14. Nxf3 Qf6 15. Kg2 Qxb2 16. Qd4 Bxf3+ 17. Kxf3 Qxc2 18. Qe5+ Kd7 19. Rfc1 Qg6 20. Ba5 Qf6+ 21. Qxf6 gxf6 22. Rab1 Bh6 23. Rb7+ Ke6 24. Rcb1 Rhc8 25. Rh1 Bf8 26. Rxh7 Bxc5 27. Rhxf7 Rab8 28. a4 Rxb7 29. Rxb7 Rh8 30. Bb6 Kd6 31. Bc7+ Ke6 32. Bb6 Bb4 33. Ra7 a5 34. Bxa5 Bxa5 35. Rxa5 Rh4 36. Ra8 c5 37. Ke2 c4 38. a5 Kd7 39. Rf8 Rh6 40. a6 f5 41. a7 1-0

[Event "Koblenz-ch"]
[Site "Koblenz"]
[Date "2003.11.11"]
[Round "5"]
[White "Olenberger, Waldemar"]
[Black "Saam, Armin"]
[Result "1/2-1/2"]
[WhiteElo "1500"]
[BlackElo "1687"]
[PlyCount "103"]
[EventDate "2003.09.23"]
[EventType "swiss"]
[EventRounds "7"]
[EventCountry "GER"]
[SourceTitle "EXT 2005"]
[Source "ChessBase"]
[SourceDate "2004.11.15"]
[SourceVersion "1"]
[SourceVersionDate "2004.11.15"]
[SourceQuality "1"]

1. d4 Nf6 2. c4 e6 3. Nf3 b6 4. Bg5 Be7 5. Nc3 Bb7 6. e3 0-0 7. Be2 d5 8. 0-0 a6 9. Ne5 Nbd7 10. Nxd7 Qxd7 11. Bxf6 Bxf6 12. Bf3 Rab8 13. b3 Rfd8 14. cxd5 exd5 15. Rc1 g6 16. h3 Bg7 17. Re1 f5 18. Qc2 Qd6 19. Ne2 Rbc8 20. Qb1 Bf8 21. Nf4 c5 22. dxc5 bxc5 23. Red1 Qe5 24. Nd3 Qg7 25. Qb2 Qe7 26. Qe5 Qd7 27. Qb2 Bg7 28. Qa3 d4 29. Bxb7 Qxb7 30. exd4 Bxd4 31. Qa5 Rd5 32. Qa3 Qb5 33. Rc4 Re8 34. Qc1 Re2 35. Rd2 Qe8 36. Kf1 Rxd2 37. Qxd2 Qe4 38. Qe2 Kf7 39. Qxe4 fxe4 40. Nf4 Rf5 41. g3 g5 42. Ne2 Rxf2+ 43. Ke1 Rf3 44. Nxd4 cxd4 45. Rxd4 Rxg3 46. Rxe4 Rxh3 47. Ra4 Re3+ 48. Kf2 Re6 49. Kf3 h5 50. Ra5 Kf6 51. b4 Rb6 52. a3 1/2-1/2

[Event "Koblenz-ch"]
[Site "Koblenz"]
[Date "2002.10.24"]
[Round "2"]
[White "Olenberger, Waldemar"]
[Black "Klebs, Sebastian"]
[Result "0-1"]
[WhiteElo "1540"]
[BlackElo "1696"]
[PlyCount "86"]
[EventDate "2002.10.17"]
[EventType "swiss"]
[EventRounds "7"]
[EventCountry "GER"]
[SourceTitle "EXT 2005"]
[Source "ChessBase"]
[SourceDate "2004.11.15"]
[SourceVersion "1"]
[SourceVersionDate "2004.11.15"]
[SourceQuality "1"]

1. d4 d5 2. Nf3 Nf6 3. c4 c6 4. Nc3 dxc4 5. a4 Bf5 6. e3 Nbd7 7. Bxc4 e6 8. 0-0 Be7 9. h3 0-0 10. Re1 Ne4 11. Nxe4 Bxe4 12. Nd2 Bg6 13. f3 Bh4 14. Rf1 Nf6 15. Nb3 b6 16. Bd2 Qe7 17. Be1 Bxe1 18. Qxe1 e5 19. Qg3 exd4 20. exd4 Qb4 21. Qe1 Qxc4 22. Qc3 Qxc3 23. bxc3 Rfe8 24. Kf2 Bd3 25. Rfe1 Rxe1 26. Kxe1 Re8+ 27. Kd2 Bc4 28. Nc1 Nh5 29. g4 Nf4 30. h4 Ng2 31. h5 Ne1 32. f4 Ng2 33. f5 Ne3 34. Nd3 Bxd3 35. Kxd3 Nxg4 36. Rg1 Nf6 37. h6 g6 38. fxg6 fxg6 39. c4 Kf7 40. Rf1 Ke6 41. c5 bxc5 42. dxc5 Ng4 43. Kc4 Ne3+ 0-1

[Event "Koblenz-ch"]
[Site "Koblenz"]
[Date "2001.09.04"]
[Round "1"]
[White "Schnur, Edmund"]
[Black "Olenberger, Waldemar"]
[Result "1/2-1/2"]
[WhiteElo "1980"]
[BlackElo "1620"]
[PlyCount "37"]
[EventDate "2001.09.04"]
[EventType "swiss"]
[EventRounds "7"]
[EventCountry "GER"]
[SourceTitle "EXT 2005"]
[Source "ChessBase"]
[SourceDate "2004.11.15"]
[SourceVersion "1"]
[SourceVersionDate "2004.11.15"]
[SourceQuality "1"]

1. e4 e5 2. Nf3 Nc6 3. Bb5 a6 4. Ba4 Nf6 5. 0-0 b5 6. Bb3 d6 7. Ng5 d5 8. exd5 Nxd5 9. Nxf7 Kxf7 10. Qf3+ Ke6 11. Nc3 Nce7 12. d4 c6 13. Ne4 Qe8 14. Nc5+ Kd6 15. dxe5+ Kc7 16. e6 Ng6 17. Nd3 Bd6 18. Bxd5 cxd5 19. Nf4 1/2-1/2

[Event "Koblenz-ch"]
[Site "Koblenz"]
[Date "2000.11.28"]
[Round "7"]
[White "Olenberger, Waldemar"]
[Black "Zimmer, Elmar"]
[Result "1/2-1/2"]
[WhiteElo "1638"]
[BlackElo "1541"]
[PlyCount "58"]
[EventDate "2000.08.29"]
[EventType "swiss"]
[EventRounds "7"]
[EventCountry "GER"]
[SourceTitle "EXT 2005"]
[Source "ChessBase"]
[SourceDate "2004.11.15"]
[SourceVersion "1"]
[SourceVersionDate "2004.11.15"]
[SourceQuality "1"]

1. d4 c5 2. Nf3 e6 3. e3 Nf6 4. c4 cxd4 5. exd4 Bb4+ 6. Nbd2 0-0 7. Bd3 Nc6 8. 0-0 Re8 9. a3 Bxd2 10. Bxd2 d5 11. c5 a6 12. Bg5 e5 13. dxe5 Nxe5 14. Nxe5 Rxe5 15. f4 Re8 16. Qc2 h6 17. Bh4 Re6 18. b4 Qe7 19. Bg3 Nh5 20. Qf2 Nxg3 21. Qxg3 Bd7 22. Bf5 Rf6 23. Bxd7 Qxd7 24. Rad1 Rd8 25. Rd4 Rg6 26. Qf3 b6 27. cxb6 Rxb6 28. Rfd1 Rd6 29. h3 Qa7 1/2-1/2

[Event "Koblenz-ch"]
[Site "Koblenz"]
[Date "2000.11.14"]
[Round "6"]
[White "Moors, Marco"]
[Black "Olenberger, Waldemar"]
[Result "1-0"]
[WhiteElo "1755"]
[BlackElo "1638"]
[PlyCount "105"]
[EventDate "2000.08.29"]
[EventType "swiss"]
[EventRounds "7"]
[EventCountry "GER"]
[SourceTitle "EXT 2005"]
[Source "ChessBase"]
[SourceDate "2004.11.15"]
[SourceVersion "1"]
[SourceVersionDate "2004.11.15"]
[SourceQuality "1"]

1. d4 Nf6 2. c4 e6 3. Nc3 d5 4. Bg5 Nbd7 5. e3 Bb4 6. Nf3 0-0 7. Qc2 c5 8. cxd5 cxd4 9. Nxd4 exd5 10. Bd3 h6 11. Bh4 a6 12. 0-0 Bxc3 13. Qxc3 Qb6 14. Qb3 Qxb3 15. Nxb3 Ne4 16. Rfd1 g5 17. Bg3 Nxg3 18. hxg3 Nf6 19. Rac1 Bg4 20. f3 Be6 21. Rc7 Rab8 22. Rdc1 Rfc8 23. Nd4 Ne8 24. Rxc8 Rxc8 25. Rxc8 Bxc8 26. Bf5 Bxf5 27. Nxf5 Kh7 28. Kf2 Nc7 29. Nd6 b5 30. Nxf7 Kg7 31. Ne5 Kf6 32. Ng4+ Kg6 33. Ke2 h5 34. Nf2 Kf5 35. Kd3 Ne6 36. b4 Kf6 37. Kc3 Kf5 38. g4+ hxg4 39. Nxg4 Kg6 40. Ne5+ Kf5 41. Nd3 g4 42. Nc5 gxf3 43. gxf3 Nc7 44. Kd4 Kf6 45. e4 dxe4 46. fxe4 Ke7 47. Ke5 Kd8 48. Ne6+ Kd7 49. Nxc7 Kxc7 50. Ke6 Kd8 51. e5 Ke8 52. a3 Kd8 53. Kf7 1-0

[Event "Koblenz-ch"]
[Site "Koblenz"]
[Date "2000.08.29"]
[Round "1"]
[White "Olenberger, Waldemar"]
[Black "Fink, Christian"]
[Result "0-1"]
[WhiteElo "1638"]
[BlackElo "1959"]
[PlyCount "124"]
[EventDate "2000.08.29"]
[EventType "swiss"]
[EventRounds "7"]
[EventCountry "GER"]
[SourceTitle "EXT 2005"]
[Source "ChessBase"]
[SourceDate "2004.11.15"]
[SourceVersion "1"]
[SourceVersionDate "2004.11.15"]
[SourceQuality "1"]

1. d4 Nf6 2. c4 g6 3. Nc3 Bg7 4. Nf3 d6 5. Bg5 Nbd7 6. e4 h6 7. Bf4 0-0 8. Bd3 c6 9. Qd2 Kh7 10. 0-0 Nh5 11. Be3 e5 12. Be2 Qc7 13. h3 Nhf6 14. Nh2 Ng8 15. d5 c5 16. Nb5 Qb8 17. f4 a6 18. Nc3 Qc7 19. Ng4 f5 20. exf5 gxf5 21. Nf2 Ne7 22. Nh1 Ng6 23. Ng3 e4 24. Nh5 Nf6 25. Nxg7 Qxg7 26. Bf2 Rg8 27. Bd1 Nxf4 28. g3 Nxh3+ 29. Kh2 Nxf2 30. Qxf2 Ng4+ 31. Bxg4 Qxg4 32. Ne2 Bd7 33. Rg1 Rae8 34. Qe3 Re7 35. Raf1 h5 36. Rf4 Qg5 37. Rg2 Kh8 38. Kg1 Rh7 39. Qc3+ Qg7 40. Qxg7+ Rgxg7 41. Kf2 Rg4 42. Rh2 b5 43. b3 Kg7 44. Rh3 Kg6 45. Ke3 bxc4 46. bxc4 Be8 47. Rf1 Rb7 48. Nf4+ Kf6 49. Nxh5+ Bxh5 50. Rxh5 Rxg3+ 51. Kf4 Rf3+ 52. Rxf3 exf3 53. Rxf5+ Kg6 54. Rg5+ Kh6 55. Rg1 f2 56. Rf1 Rb2 57. Kf5 Re2 58. Kf4 Rxa2 59. Ke3 Kg5 60. Rxf2 Rxf2 61. Kxf2 Kf4 62. Ke2 Ke4 0-1

[Event "Koblenz-ch"]
[Site "Koblenz"]
[Date "1999.10.19"]
[Round "4"]
[White "Moors, Marco"]
[Black "Olenberger, Waldemar"]
[Result "1/2-1/2"]
[WhiteElo "1775"]
[BlackElo "1606"]
[PlyCount "67"]
[EventDate "1999.08.31"]
[EventType "swiss"]
[EventRounds "7"]
[EventCountry "GER"]
[SourceTitle "EXT 2005"]
[Source "ChessBase"]
[SourceDate "2004.11.15"]
[SourceVersion "1"]
[SourceVersionDate "2004.11.15"]
[SourceQuality "1"]

1. d4 d5 2. c4 e6 3. Nc3 Nf6 4. Bg5 Be7 5. e3 0-0 6. Nf3 Nbd7 7. Rc1 h6 8. Bh4 c5 9. cxd5 Nxd5 10. Bxe7 Nxe7 11. Bd3 a6 12. a4 b6 13. 0-0 Bb7 14. Ne4 Qc7 15. dxc5 bxc5 16. Nxc5 Nxc5 17. b4 Bxf3 18. gxf3 Rfd8 19. Rxc5 Qb6 20. Qb3 Rab8 21. Rfc1 Qxb4 22. Qxb4 Rxb4 23. Bxa6 Rxa4 24. Rc7 Rxa6 25. Rxe7 g6 26. Rcc7 Rf8 27. f4 Ra4 28. Kg2 g5 29. fxg5 Rg4+ 30. Kf3 Rxg5 31. e4 Rh5 32. Kg3 Rg5+ 33. Kf3 Rb5 34. Kg3 1/2-1/2

[Event "Koblenz-ch"]
[Site "Koblenz"]
[Date "1999.09.21"]
[Round "2"]
[White "Schneider, Frank"]
[Black "Olenberger, Waldemar"]
[Result "1-0"]
[WhiteElo "1950"]
[BlackElo "1606"]
[PlyCount "65"]
[EventDate "1999.08.31"]
[EventType "swiss"]
[EventRounds "7"]
[EventCountry "GER"]
[SourceTitle "EXT 2005"]
[Source "ChessBase"]
[SourceDate "2004.11.15"]
[SourceVersion "1"]
[SourceVersionDate "2004.11.15"]
[SourceQuality "1"]

1. Nc3 e6 2. e4 d6 3. f4 a6 4. Nf3 Nc6 5. d4 Nf6 6. Bd3 Be7 7. Be3 0-0 8. a3 b5 9. e5 Nd7 10. Qe2 f5 11. Rg1 Qe8 12. g4 d5 13. gxf5 exf5 14. Nxd5 Bd8 15. a4 b4 16. Bc4 Kh8 17. Qg2 g6 18. h4 Nb6 19. Nxb6 cxb6 20. h5 Ne7 21. d5 Bb7 22. d6 Nd5 23. hxg6 Qxg6 24. Qh3 Qe8 25. Bd2 Rc8 26. Bb3 a5 27. 0-0-0 Qd7 28. Qh6 Re8 29. Nd4 Bc6 30. e6 Rxe6 31. Nxe6 Bh4 32. Rg7 Qxd6 33. Qxh7# 1-0

[Event "Koblenz-ch"]
[Site "Koblenz"]
[Date "1998.12.01"]
[Round "6"]
[White "Weinmann, Helene"]
[Black "Olenberger, Waldemar"]
[Result "1-0"]
[WhiteElo "1648"]
[BlackElo "1652"]
[PlyCount "120"]
[EventDate "1998.09.22"]
[EventType "swiss"]
[EventRounds "7"]
[EventCountry "GER"]
[SourceTitle "EXT 2005"]
[Source "ChessBase"]
[SourceDate "2004.11.15"]
[SourceVersion "1"]
[SourceVersionDate "2004.11.15"]
[SourceQuality "1"]

1. e4 c5 2. Nc3 e6 3. g3 a6 4. Bg2 d6 5. f4 Nd7 6. Nf3 Be7 7. 0-0 Rb8 8. d3 h6 9. Kh1 b5 10. a3 Bb7 11. Qe2 e5 12. Bd2 Ngf6 13. fxe5 dxe5 14. Nd1 Qc7 15. Ne3 Bc8 16. Nf5 Kf8 17. Nxe7 Kxe7 18. Nh4 g6 19. Rf2 Kf8 20. Raf1 Kg7 21. Bh3 Qd6 22. Bxd7 Nxd7 23. Rxf7+ Kg8 24. Qf3 Bb7 25. Qg4 Rf8 26. Rxf8+ Nxf8 27. Qf3 Qe7 28. Qf6 Qxf6 29. Rxf6 Kg7 30. Rb6 Bc8 31. Bc3 Nd7 32. Rxg6+ Kh7 33. Rd6 Rf8 34. Nf5 Rf6 35. Rxf6 Nxf6 36. Bxe5 Ng4 37. Bc3 Be6 38. h3 Nf2+ 39. Kg2 Nd1 40. Kf3 Nxc3 41. bxc3 Kg6 42. Kf4 Ba2 43. d4 cxd4 44. cxd4 a5 45. c3 h5 46. Nd6 Be6 47. Nxb5 Bxh3 48. e5 Be6 49. Nd6 a4 50. c4 Kg7 51. d5 Bg4 52. c5 Kf8 53. Ne4 Ke7 54. Nc3 Bd7 55. c6 Be8 56. Nxa4 Kd8 57. Nc3 Kc7 58. Nb5+ Kc8 59. Nd6+ Kd8 60. Nxe8 Kxe8 1-0

[Event "Koblenz-ch"]
[Site "Koblenz"]
[Date "1998.11.03"]
[Round "4"]
[White "Moors, Marco"]
[Black "Olenberger, Waldemar"]
[Result "1/2-1/2"]
[WhiteElo "1598"]
[BlackElo "1652"]
[PlyCount "40"]
[EventDate "1998.09.22"]
[EventType "swiss"]
[EventRounds "7"]
[EventCountry "GER"]
[SourceTitle "EXT 2005"]
[Source "ChessBase"]
[SourceDate "2004.11.15"]
[SourceVersion "1"]
[SourceVersionDate "2004.11.15"]
[SourceQuality "1"]

1. d4 Nf6 2. c4 e6 3. Nc3 Bb4 4. Bg5 h6 5. Bh4 d5 6. Qa4+ Nc6 7. e3 Bd7 8. Qc2 0-0 9. Nf3 Be7 10. a3 dxc4 11. Bxc4 Rc8 12. 0-0 a6 13. Rad1 b5 14. Ba2 Qe8 15. Bb1 g6 16. Ne4 Nxe4 17. Qxe4 Bxh4 18. Qxh4 Kg7 19. b4 Qd8 20. Qxd8 Rfxd8 1/2-1/2

[Event "Koblenz-ch"]
[Site "Koblenz"]
[Date "1997.11.04"]
[Round "6"]
[White "Olenberger, Waldemar"]
[Black "Schuhen, Michael"]
[Result "0-1"]
[WhiteElo "1584"]
[BlackElo "1860"]
[PlyCount "100"]
[EventDate "1997.09.16"]
[EventType "swiss"]
[EventRounds "7"]
[EventCountry "GER"]
[SourceTitle "EXT 2005"]
[Source "ChessBase"]
[SourceDate "2004.11.15"]
[SourceVersion "1"]
[SourceVersionDate "2004.11.15"]
[SourceQuality "1"]

1. d4 Nf6 2. c4 e5 3. e3 exd4 4. exd4 Bb4+ 5. Bd2 Bxd2+ 6. Qxd2 0-0 7. Bd3 d5 8. c5 Nc6 9. Ne2 Be6 10. 0-0 Ne4 11. Bxe4 dxe4 12. Nbc3 Qh4 13. Qf4 Qxf4 14. Nxf4 Nxd4 15. Nxe4 Rad8 16. a3 Bc4 17. Rfd1 Rfe8 18. f3 Bb3 19. Rd2 f5 20. Ng5 h6 21. Kf2 hxg5 22. Nh3 Ne6 23. Re2 g4 24. Ng1 gxf3 25. Nxf3 Nxc5 26. Re3 Nd3+ 27. Ke2 Nf4+ 28. Kf2 Rxe3 29. Kxe3 Nxg2+ 30. Kf2 Nf4 31. Ke3 Nd5+ 32. Kf2 Nf6 33. Rc1 c6 34. Ke3 Bd5 35. Rd1 Re8+ 36. Kf4 Bxf3 37. Kxf3 Nd5 38. Rg1 Re3+ 39. Kf2 Rb3 40. Rg5 Rxb2+ 41. Kg1 f4 42. h4 f3 43. Rf5 f2+ 44. Rxf2 Rxf2 45. Kxf2 b5 46. Ke2 a5 47. Kd3 b4 48. axb4 axb4 49. Kc4 c5 50. h5 Nf4 0-1

[Event "Koblenz-ch"]
[Site "Koblenz"]
[Date "1997.10.28"]
[Round "5"]
[White "Reichert, Uwe"]
[Black "Olenberger, Waldemar"]
[Result "1-0"]
[WhiteElo "1901"]
[BlackElo "1584"]
[PlyCount "115"]
[EventDate "1997.09.16"]
[EventType "swiss"]
[EventRounds "7"]
[EventCountry "GER"]
[SourceTitle "EXT 2005"]
[Source "ChessBase"]
[SourceDate "2004.11.15"]
[SourceVersion "1"]
[SourceVersionDate "2004.11.15"]
[SourceQuality "1"]

1. d4 Nf6 2. c4 e6 3. Nc3 Bb4 4. e3 c5 5. Bd3 0-0 6. Nge2 d5 7. cxd5 exd5 8. 0-0 c4 9. Bc2 Bg4 10. f3 Bh5 11. Nf4 Bd6 12. Nxh5 Nxh5 13. e4 Bf4 14. Bxf4 Nxf4 15. Qd2 Qg5 16. Kh1 Rd8 17. Nxd5 Nc6 18. Qxf4 Qxf4 19. Nxf4 Nxd4 20. Rac1 Rd6 21. Nd5 Rad8 22. Rfd1 Ne6 23. Ne7+ Kf8 24. Rxd6 Rxd6 25. Nd5 Nd4 26. h3 f5 27. Bb1 b5 28. Rd1 Ne2 29. Nc3 Rxd1+ 30. Nxd1 fxe4 31. Bxe4 h6 32. a3 a5 33. Nc3 Nd4 34. Kg1 Ke7 35. Kf2 Kd6 36. Ke3 Kc5 37. Bg6 Ne6 38. Ne4+ Kb6 39. Bf7 Nc7 40. Kd4 Kc6 41. a4 bxa4 42. Bxc4 Ne8 43. Nc3 Nd6 44. Bd5+ Kc7 45. Nxa4 Nf5+ 46. Kc5 Ne3 47. g4 g5 48. Nc3 Ng2 49. Kb5 Nf4 50. Kxa5 Nxh3 51. b4 Nf4 52. b5 Nd3 53. b6+ Kb8 54. Kb5 Ne5 55. Na4 Nd7 56. Nc5 Nf6 57. Na6+ Kc8 58. b7+ 1-0